Rois de France Valois aléatoire - Statistiques

Statistiques générales
  • Ce quiz a été pris 13 fois
  • Le résultat moyen est 9 sur 13
Statistiques - réponses
Hint Réponse % Correct
François 1er Le Père Et Restaurateur Des Lettres 1515-1547
100%
Louis 12 Le Père Du Peuple 1498-1515
88%
Louis 11 Le Prudent 1461-1483
75%
Charles 8 L’affable 1483-1498
75%
François 2 1559-1560
75%
Henri 3 1574-1589
75%
Charles 6 Le Fol 1380-1422
63%
Charles 7 Le Victorieux 1422-1461
63%
Henri 2 1547-1559
63%
Charles 9 1560-1574
63%
Philippe 6 le Valois 1328-1350
50%
Jean 2 Le Bon 1350-1364
50%
Charles 5 Le Sage 1364-1380
50%
Aucun quiz correspondant
Distribution des résultats
% des personnes avec chaque résultat
Percentile par nombre de réponses
Votre historique - résultats
Vous n’avez pas pris ce quiz